000 00651nam a2200193Ii 4500
003 JO-AjNU
008 230605s9999||||xx |||||||||||||| ||und||
040 _aJO-AjNU
_bara
_erda
_cJO-AjNU
041 _aara
050 1 4 _aDS110.Y3.R4288 2012
100 3 _aعليان، ربحي مصطفى,
_eauthor
_950078
245 0 0 _aلكي لا ننسى: القرية الفسطينية المدمرة يالو
264 3 1 _aعمان: رابطة اهاي يالو، 2012
300 _a287ص
336 _atext
_btxt
_2rdacontent
337 _aunmediated
_bn
_2rdamedia
338 _avolume
_bnc
_2rdacarrier
650 4 _aيالو-فلسطين-تاريخ
_950079
999 _aA22036
_c25604
_d25604